Quizzes
Events
Quiz Creation
Community
Videos
Private Events
Remove Ads
Sign In
Join for FREE
Feedback
Dark Mode
Quiz Categories
Sports
Geography
Music
Movies
Television
Just For Fun
Miscellaneous
History
Literature
Language
Science
Gaming
Entertainment
Religion
Holiday
For Kids
Quiz Lab
Recent
Popular Today
Quiz Kudos Today
Editor Picks
Curator Picks
Quizzes by...
Day
Popularity
Type
Ratings
Length
Year
Community
Subscriptions
Recent Discussions
Orange Saloon
Badges
Playlists
Quests
Create
Leaderboards
Showdown
Live 5
Trivia Bingo
Activity
Puzzle Library
Sporcle Events
Private Events
Virtual Trivia
Globe League
Become a Host
Pub Owners
SporcleCon
Opinionation
Our Games
Videos
Blog
Mobile Apps
Partnerships
Remove Ads and Go Orange
Feedback
Religion
Mythology
Religious Music
World Religions
Bible
Christianity
Catholicism
Judaism
Church
Scripture
Islam
Verse
Religion
Mythology
Religious Music
World Religions
Bible
Christianity
Catholicism
Judaism
Church
Scripture
Islam
Verse
Random Quiz
Search Sporcle
×
Quiz Lab
Quiz Lab
Religion
Type in answers that appear in a list
Type in answers that appear in a list
Classic
Best Score? Go Orange.
Scripture Memory (Topical Memory System) Stats
Can you name the verse reference?
By
englematics
8m
60 Questions
64 Plays
64 Plays
64 Plays
Comments
Comments
Give Quiz Kudos
Give Quiz Kudos
-
- Ratings
hide this ad
More Info
Forced Order
Answers have to be entered in order
Answers have to be entered in order
Random Order
Randomize order of answers
Randomize order of answers
Replay
Link that replays current quiz
Next Quiz
Link to next quiz in quiz playlist
You Got
0%
They Got
Avg Score
49%
Avg Friend Score
Upgrade to see
Score Distribution
Jump to the score distribution portion of the page
Score
0/60
Timer
08:00
0
Plays Today
Verse
Reference
% Correct
'For all have sinned...'
Romans 3:23
70.3%
'For the wages of sin is death...'
Romans 6:23
64.1%
'...each of us has turned to his own way...'
Isaiah 53:6
62.5%
'...offer your bodies as living sacrifices...'
Romans 12:1
60.9%
'All scripture is God-
breathed...'
2 Timothy 3:16
60.9%
'Do not let this Book of the Law depart from your mouth...'
Joshua 1:8
60.9%
'I can do everything through him...'
Philippians 4:13
60.9%
'Do not conform any longer to the pattern of this world...'
Romans 12:2
60.9%
'...the power of God for the salvation...'
Romans 1:16
59.4%
'...if anyone is in Christ, he is a new creation...'
2 Corinthians 5:17
57.8%
'If you remain in me and my words remain in you...'
John 15:7
57.8%
'But God demonstrates his own love for us...'
Romans 5:8
57.8%
'But seek first his kingdom...'
Matthew 6:33
57.8%
'...after that to face judgment.'
Hebrews 9:27
56.3%
'...this not from yourselves, it is the gift of God...'
Ephesians 2:8-9
56.3%
'...I no longer live, but Christ lives in me...'
Galatians 2:20
54.7%
'...If anyone hears my voice and opens the door...'
Revelation 3:20
54.7%
'Do not be anxious about anything...'
Philippians 4:6-7
53.1%
'...you yourselves are God's temple...'
1 Corinthians 3:16
53.1%
'...stand firm. Let nothing move you...'
1 Corinthians 15:58
53.1%
'...you will be my witnesses in Jerusalem...'
Acts 1:8
53.1%
'...he who loves me will be loved by my Father...'
John 14:21
51.6%
'...I will make you fishers of men.'
Matthew 4:19
51.6%
'He saved us not because of righteous things we had done...'
Titus 3:5
51.6%
'Cast all your anxiety on him...'
1 Peter 5:7
51.6%
'And my God will meet all your needs...'
Philippians 4:19
51.6%
'How can a young man keep his way pure?...'
Psalm 119:9,11
51.6%
'For where two or three come together...'
Matthew 18:20
50%
'Yet to all who received him...'
John 1:12
50%
'He who did not spare his own son...'
Romans 8:32
50%
Verse
Reference
% Correct
'...go and make disciples of all nations...'
Matthew 28:19-20
50%
'And without faith it is impossible to please God...'
Hebrews 11:6
50%
'God is not a man that he should lie...'
Numbers 23:19
48.4%
'...he must deny himself and take up his cross...'
Luke 9:23
48.4%
'...the Son of Man did not come to be served...'
Mark 10:45
48.4%
'...he has crossed over from death to life.'
John 5:24
46.9%
'...I will stengthen you and help you...'
Isaiah 41:10
46.9%
'You will keep in perfect peace...'
Isaiah 26:3
46.9%
'...let you light shine before men...'
Matthew 5:16
46.9%
'...let us encourage one another...'
Hebrews 10:24-25
45.3%
'...so that you may know that you have eternal life.'
1 John 5:13
45.3%
'Consider him who endured such opposition...'
Hebrews 12:3
45.3%
'...not even a hint of sexual immorality...'
Ephesians 5:3
45.3%
'Do not love the world or anything in the world...'
1 John 2:15-16
43.8%
'Honor the Lord with your wealth...'
Proverbs 3:9-10
43.8%
'...let us not love with words or tongue...'
1 John 3:18
43.8%
'So I strive always to keep my conscience clear...'
Acts 24:16
43.8%
'We have not received the spirit of the world...'
1 Corinthians 2:12
42.2%
'...his compassions never fail. They are new...'
Lamentations 3:22-23
42.2%
'...he is able to help those who are being tempted.'
Hebrews 2:18
42.2%
'...ourselves as your servants for Jesus' sake.'
2 Corinthians 4:5
42.2%
'Do nothing out of selfish ambition...'
Philippians 2:3-4
42.2%
'...Do not deceive on another.'
Leviticus 19:11
42.2%
'...clothe yourselves with humility...'
1 Peter 5:5-6
40.6%
For Christ died for sins once for all...'
1 Peter 3:18
39.1%
'...Each man should give what he has decided...'
2 Corinthians 9:6-7
39.1%
'...By this all men will know that you are my disciples...'
John 13:34-35
37.5%
'...sinful desires, which war against your soul.'
1 Peter 2:11
35.9%
'Yet he did not waver through unbelief...'
Romans 4:20-21
35.9%
'Let us not become weary in doing good...'
Galatians 6:9-10
35.9%
Quiz Playlist
Details
Report
Send in Message
Add To Playlist
More Info:
Topical Memory System for scripture memory developed by the Navigators.
Classic:
Type in answers that appear in a list
Forced Order:
Answers have to be entered in order
Random Order:
Randomize order of answers
Quiz Source
Last Updated: Feb 16, 2017
Quiz Scoreboard
CHALLENGE
Sign Up to Join the Scoreboard
Show All
Scores
Hide
Comments
May contain spoilers
Recently Published
9x9 Crossword: Cartoon Network
by jackfrog10
Miscellaneous
3m
College Basketball Coaching Resumes
by pancakes188
Sports
9m
Billboard Blitz: Fleetwood Mac
by CooCooCachoo
Music
15s
More to Explore
Quiz From the Vault
Featured Blog Post
Where Did the Easter Bunny Come From?
hide this ad
You Might Also Like...
Tags
This quiz does not have any tags.
Today's Top Quizzes in Religion
Browse Religion
hide this ad
Top Contributed Quizzes in Religion
1
5-to-1: Children of Gods
2
5-to-1: European Churches
3
One Thing in Common: Mythology
4
10 to 1: Islam
5
One Thing in Common: Mythology II
6
Mythological Creature Bunker
7
Prime Time: Religion
8
One Thing in Common: Religion
9
Murdered Mythical Monsters
10
Order Up: Seven Last Words of Christ
Explore More
Trending Topics
Anime
Crossword
Disney
Kpop
NBA
Marvel
Harry Potter
Puzzle
NFL
Pokémon
WWE
Country
The Office
Song
Soccer
hide this ad
More By:
englematics
Quiz
Plays
Rating
Category
Featured
Created
Principle Thought of Each Bible Book
235
3.00
Religion
Mar 20, 2010
Number of Chapters of Bible Books
151
5.00
Religion
Mar 10, 2010
Trigonometric Identities
147
3.33
Science
Mar 10, 2010
Important Old Testament Dates
69
3.50
Religion
Mar 14, 2010
Mongolian phrases in English
68
4.00
Language
Mar 14, 2010
Go to Creator's Profile
Score Distribution
Quiz Creator Spotlight
englematics
Follow
Send a Message
Quizzes Created
-
Created Quiz Play Count
-
More By This Creator
Popular Quizzes Today
1
Find the US States - No Outlines Minefield
2
Find the Countries of Europe - No Outlines Minefield
3
The Countries of the World
4
Find the US States
5
Risky Map Clicking: Biggest States A-Z
6
US States
7
Popular People in 1961
8
Movies - When Are They Set?
More Religion Quizzes
Get The Picture: Are These Bible Verses Correct?
Editor's Pick
Trending Quizzes
Risky Map Clicking: Least Populous States A-Z
1-10 Letter G Words
1-10 Letter F Words
Risky Map Clicking: Next State Alphabetically
Adjectives in 80s TV Shows
Recently Updated
Leaping Animals
pecheneg
Reality TV Shows (A-Z)
bhenderson79
Rickey Henderson's Hall of Fame Teammates
pecheneg
Champions League XIs: Arsenal
pecheneg
Quick Pick: Celebrities in WWE's Hall of Fame
aduchscher
A-Z Keypad Blitz II
pecheneg
Multiple Oscar Actors
pecheneg
Mystery Phrase Blitz: Oscar 'Best Actors'
pecheneg
F. Scott Fitzgerald Novels
LTH
Pick 3 Villains
ddd62291
Trending Topics
Kpop
Disney
Marvel
Crossword
NBA
Anime
Harry Potter
The Office
Puzzle
Pokémon
NFL
WWE
Soccer
Song
Country
Your Account Isn't Verified!
In order to create a playlist on Sporcle, you need to verify the email address you used during registration. Go to your
Sporcle Settings
to finish the process.
Report this User
Report this user for behavior that violates our
Community Guidelines
.
Details:
Send Report
Go to the Sporcle.com Mobile Site →
Comments